000 00982cad a22002415a 4500
001 E153951
008 110927s2011 xxk f s000 0 eng d
020 _a9781780454030
035 _a(Sirsi) u153951
041 0 _aeng
110 2 _aDouglas Wheeler Associates
_95787
245 0 0 _aTown centre regeneration
_bhow does it work & what can be achieved?
_h[electronic resource]
260 _aEdinburgh
_bScottish Government
_c2011
520 _aPresents the results of research into the process and results of the regeneration of town centres, in order to asses how it works and the benefits which it can bring.
590 _aKA
651 4 _aScotland
_y1999-
690 _aENVIRONMENTAL AND LAND CONSULTANCY-PLANNING AND DEVELOPMENT
710 1 _aSlims Consulting
710 1 _aRyden
_92067
710 1 _aAvril Blamey & Associates
856 4 0 _uhttps://www.scotland.gov.uk/Publications/2011/09/21082703/0
_zView the report free of charge at www.scotland.gov.uk
942 _n0
999 _c112779
_d112779